El control de los impuestos en los países en desarrollo de América / (Registro nro. 14277)

Detalles MARC
000 -LEADER
fixed length control field 01015nam a2200265 a 4500
003 - CONTROL NUMBER IDENTIFIER
control field DO-SdBNP
005 - DATE AND TIME OF LATEST TRANSACTION
control field 20220922135337.0
008 - FIXED-LENGTH DATA ELEMENTS--GENERAL INFORMATION
fixed length control field 110411s1981 dr 000 0 spa d
040 ## - CATALOGING SOURCE
Original cataloging agency DO-SdBNP
Language of cataloging spa
Transcribing agency BPMSU
082 ## - DEWEY DECIMAL CLASSIFICATION NUMBER
Classification number 336.205091724
Item number I29c 1981
Edition number 22
100 1# - MAIN ENTRY--PERSONAL NAME
Personal name Illanes, Luis
245 13 - TITLE STATEMENT
Title El control de los impuestos en los países en desarrollo de América /
Statement of responsibility, etc. Luis Illanes, Leonel Díaz Mc Arthur.
260 ## - PUBLICATION, DISTRIBUTION, ETC. (IMPRINT)
Place of publication, distribution, etc. Santo Domingo :
Name of publisher, distributor, etc. INCAT,
Date of publication, distribution, etc. 1981.
300 ## - PHYSICAL DESCRIPTION
Extent 3 v. ;
Dimensions 22 cm.
490 0# - SERIES STATEMENT
Series statement Manuales de finanzas públicas
Volume/sequential designation 11-13
500 ## - GENERAL NOTE
General note Material de apoyo para los programas desarrollados por el Instituto de Capacitación Triburaria.
590 ## - LOCAL NOTE (RLIN)
Local note Inventariado, 2022/VM
650 #4 - SUBJECT ADDED ENTRY--TOPICAL TERM
Topical term or geographic name as entry element Impuestos
General subdivision Países en desarrollo
-- Estudios comparados.
650 #4 - SUBJECT ADDED ENTRY--TOPICAL TERM
Topical term or geographic name as entry element Impuestos
Geographic subdivision Países en desarrollo
650 #4 - SUBJECT ADDED ENTRY--TOPICAL TERM
Topical term or geographic name as entry element Impuestos
General subdivision Administración
700 1# - ADDED ENTRY--PERSONAL NAME
Personal name Díaz Mc Arthur, Leonel
710 2# - ADDED ENTRY--CORPORATE NAME
Corporate name or jurisdiction name as entry element Instituto de Capacitación Tributaria (República Dominicana)
910 ## - USER-OPTION DATA (OCLC)
User-option data VMateo V. /Validado.
942 ## - ADDED ENTRY ELEMENTS (KOHA)
Source of classification or shelving scheme Dewey Decimal Classification
Koha item type Libros
Existencias
Withdrawn status Lost status Source of classification or shelving scheme Damaged status Not for loan Collection code Home library Current library Date acquired Total Checkouts Full call number Barcode Date last seen Price effective from Koha item type
    Dewey Decimal Classification     Colección Dominicana Biblioteca Pública Metropolitana Salomé Ureña Biblioteca Pública Metropolitana Salomé Ureña 09/22/2022   BPMSU CD 336.20131724 I29c 1981 BPMSU22090037 09/22/2022 09/22/2022 Libros